000 00517nam a2200193Ia 4500
003 OSt
005 20230619094124.0
008 210423s2001 xx 000 0 und d
040 _cAL
041 _aeng
082 _a301.0954
_223
_bJAYI
100 _aJAYAPALAN (N).
_9101265
245 _aIndian society and social institutions.
260 _aJaipur
_bAtlantic Publishers and Distributors
_c2001
365 _b495
_cINR
440 _v1
906 _aIndian ; institutions. ; social ; society
942 _2ddc
_cBK
999 _c171661
_d171661